[Event "FRM-ch op 23rd"]
[Site "Struga"]
[Date "2014.08.28"]
[Round "4"]
[White "Kralevski, Aleksander"]
[Black "Tairi, Krenar"]
[Result "1-0"]
[WhiteElo "2112"]
[BlackElo "1895"]
[PlyCount "57"]
[EventDate "2014.08.25"]
[EventType "swiss"]
[EventRounds "9"]
[EventCountry "MKD"]
[SourceTitle "CBM 162 Extra"]
[Source "ChessBase"]
[SourceDate "2014.10.17"]
[SourceVersion "1"]
[SourceVersionDate "2014.10.17"]
[SourceQuality "1"]

1. e4 c5 2. Nf3 Nc6 3. Bb5 Nd4 4. Nxd4 cxd4 5. 0-0 a6 6. Bc4 e6 7. d3 Bc5 8. Qg4 Bf8 9. Qg3 Ne7 10. Nd2 b5 11. Bb3 Bb7 12. f4 f5 13. Re1 g6 14. Nf3 Bg7 15. Qf2 Qb6 16. c3 Nc6 17. e5 Rc8 18. Nxd4 Nxd4 19. Be3 h6 20. Bxd4 Qc7 21. Bb6 Qb8 22. Bc5 Bf8 23. Bxf8 Kxf8 24. Qh4 Re8 25. Qf6+ Kg8 26. Qxg6+ Kf8 27. Qf6+ Kg8 28. Re3 Qa7 29. d4 1-0

[Event "EU-ch U18 23rd"]
[Site "Budva"]
[Date "2013.09.29"]
[Round "1"]
[White "Mikaelyan, Arman"]
[Black "Tairi, Krenar"]
[Result "1-0"]
[WhiteElo "2257"]
[BlackElo "1864"]
[PlyCount "55"]
[EventDate "2013.09.29"]
[EventType "swiss"]
[EventRounds "9"]
[EventCountry "MNE"]
[SourceTitle "CBM 156 Extra"]
[Source "ChessBase"]
[SourceDate "2013.10.22"]
[SourceVersion "1"]
[SourceVersionDate "2013.10.22"]
[SourceQuality "1"]

1. d4 Nf6 2. Nf3 e6 3. Bg5 c5 4. e3 d5 5. Nbd2 Be7 6. c3 0-0 7. Bd3 b6 8. Ne5 Bb7 9. Qf3 Nbd7 10. 0-0-0 Qc7 11. Qh3 h6 12. Bf4 Bd6 13. Nxd7 Qxd7 14. Be5 Qe7 15. f4 Ne4 16. Bxe4 dxe4 17. Qg4 f5 18. Qe2 Bxe5 19. dxe5 Rfd8 20. g4 Bd5 21. Kb1 a6 22. Rhg1 b5 23. Rg3 Bc4 24. Nxc4 Rxd1+ 25. Qxd1 bxc4 26. gxf5 exf5 27. Qd5+ Kh7 28. Qxa8 1-0

[Event "FRM-ch op 22nd"]
[Site "Struga"]
[Date "2013.07.18"]
[Round "6"]
[White "Lakinska, Simona"]
[Black "Tairi, Krenar"]
[Result "0-1"]
[WhiteElo "1675"]
[BlackElo "1874"]
[PlyCount "42"]
[EventDate "2013.07.13"]
[EventType "swiss"]
[EventRounds "9"]
[EventCountry "MKD"]
[SourceTitle "CBM 155 Extra"]
[Source "ChessBase"]
[SourceDate "2013.08.26"]
[SourceVersion "1"]
[SourceVersionDate "2013.08.26"]
[SourceQuality "1"]

1. e4 e6 2. d4 d5 3. Nd2 Nc6 4. c3 Nf6 5. e5 Nd7 6. Ngf3 f6 7. exf6 Qxf6 8. Bd3 Bd6 9. Qe2 0-0 10. 0-0 e5 11. dxe5 Ndxe5 12. Nxe5 Nxe5 13. Bc2 Qh4 14. h3 Bxh3 15. gxh3 Qxh3 16. f3 Bc5+ 17. Rf2 Nxf3+ 18. Nxf3 Rxf3 19. Be3 Rg3+ 20. Rg2 Bxe3+ 21. Kf1 Qh1+ 0-1

[Event "FRM-ch op 22nd"]
[Site "Struga"]
[Date "2013.07.14"]
[Round "2"]
[White "Tuzi, Bruna"]
[Black "Tairi, Krenar"]
[Result "1-0"]
[WhiteElo "1643"]
[BlackElo "1874"]
[PlyCount "51"]
[EventDate "2013.07.13"]
[EventType "swiss"]
[EventRounds "9"]
[EventCountry "MKD"]
[SourceTitle "CBM 155 Extra"]
[Source "ChessBase"]
[SourceDate "2013.08.26"]
[SourceVersion "1"]
[SourceVersionDate "2013.08.26"]
[SourceQuality "1"]

1. e4 c5 2. c3 Nf6 3. e5 Nd5 4. d4 cxd4 5. Nf3 Nc6 6. Bc4 e6 7. cxd4 d6 8. 0-0 Be7 9. Qe2 0-0 10. Nc3 Nxc3 11. bxc3 dxe5 12. dxe5 Qa5 13. Bd2 Rd8 14. Rfe1 Bd7 15. Bb3 Be8 16. Rad1 Rd7 17. h4 Rad8 18. h5 a6 19. Qe4 g6 20. hxg6 hxg6 21. Qg4 Qc5 22. Qh3 Na5 23. Ng5 Bd6 24. Qh7+ Kf8 25. exd6 Rxd6 26. Nxe6+ 1-0

[Event "FRM-ch op 22nd"]
[Site "Struga"]
[Date "2013.07.13"]
[Round "1"]
[White "Tairi, Krenar"]
[Black "Pancevski, Filip"]
[Result "0-1"]
[WhiteElo "1874"]
[BlackElo "2506"]
[PlyCount "88"]
[EventDate "2013.07.13"]
[EventType "swiss"]
[EventRounds "9"]
[EventCountry "MKD"]
[SourceTitle "CBM 155 Extra"]
[Source "ChessBase"]
[SourceDate "2013.08.26"]
[SourceVersion "1"]
[SourceVersionDate "2013.08.26"]
[SourceQuality "1"]

1. d4 d6 2. c4 Nf6 3. Nc3 e5 4. d5 Be7 5. e4 0-0 6. h3 a5 7. Be3 Na6 8. Nge2 Ne8 9. Ng3 Bg5 10. Bxg5 Qxg5 11. Bd3 Bd7 12. Qd2 Qe7 13. 0-0 g6 14. f4 Ng7 15. f5 Qh4 16. Qe3 f6 17. Rf3 Nc5 18. Bc2 gxf5 19. Nxf5 Bxf5 20. exf5 Qxc4 21. g4 Rae8 22. b3 Qb4 23. a3 Qd4 24. Kf2 Re7 25. Re1 Qxe3+ 26. Kxe3 Ra8 27. Ne4 Ne8 28. a4 Nd7 29. h4 c6 30. Rd1 Rc8 31. Rf2 Nb6 32. dxc6 Rxc6 33. g5 d5 34. Nxf6+ Nxf6 35. gxf6 Rxf6 36. Rg2+ Rg7 37. Rg5 h6 38. Rxg7+ Kxg7 39. Rf1 Rc6 40. Bd3 Nc8 41. Kd2 Kf6 42. Bb5 Rc7 43. h5 Ne7 44. Rg1 e4 0-1

[Event "Skopje Karposh op"]
[Site "Skopje"]
[Date "2013.03.11"]
[Round "4"]
[White "Grigorov, Grigor"]
[Black "Tairi, Krenar"]
[Result "1-0"]
[WhiteElo "2516"]
[BlackElo "1835"]
[PlyCount "65"]
[EventDate "2013.03.09"]
[EventType "swiss"]
[EventRounds "9"]
[EventCountry "MKD"]
[SourceTitle "CBM 153 Extra"]
[Source "ChessBase"]
[SourceDate "2013.04.22"]
[SourceVersion "1"]
[SourceVersionDate "2013.04.22"]
[SourceQuality "1"]

1. d4 Nf6 2. c4 e6 3. Nf3 b6 4. g3 Bb7 5. Bg2 d5 6. cxd5 exd5 7. Ne5 Bd6 8. Nc3 0-0 9. Bg5 Be7 10. 0-0 h6 11. Bxf6 Bxf6 12. f4 Na6 13. Qb3 c6 14. Rad1 Qe7 15. e4 Bxe5 16. fxe5 dxe4 17. Bxe4 Rad8 18. a3 Nc7 19. Qa4 a6 20. Ne2 Nd5 21. Bxd5 Rxd5 22. Nf4 Rd7 23. Qb3 b5 24. Ng6 Qg5 25. Nxf8 Kxf8 26. e6 Re7 27. Rxf7+ Rxf7 28. exf7 Qg4 29. Qb4+ Kxf7 30. Rf1+ Kg6 31. Qd6+ Kh7 32. Qf4 Qe2 33. Qf2 1-0

[Event "FRM-ch op"]
[Site "Struga"]
[Date "2012.08.10"]
[Round "7"]
[White "Nikolovska, Dragana"]
[Black "Tairi, Krenar"]
[Result "1-0"]
[WhiteElo "1828"]
[BlackElo "1823"]
[PlyCount "57"]
[EventDate "2012.08.04"]
[EventType "swiss"]
[EventRounds "9"]
[EventCountry "MKD"]
[SourceTitle "CBM 149 Extra"]
[Source "ChessBase"]
[SourceDate "2012.08.24"]
[SourceVersion "1"]
[SourceVersionDate "2012.08.24"]
[SourceQuality "1"]

1. e4 c5 2. c3 Nf6 3. e5 Nd5 4. d4 cxd4 5. Nf3 e6 6. cxd4 Nc6 7. Bc4 d6 8. 0-0 Be7 9. Qe2 0-0 10. Nc3 Nxc3 11. bxc3 dxe5 12. dxe5 Qa5 13. Bd2 Rd8 14. Rfe1 Bd7 15. Bb3 Be8 16. Qe4 Rab8 17. Bc2 g6 18. h4 b5 19. h5 b4 20. hxg6 hxg6 21. Bg5 bxc3 22. Bxe7 Nxe7 23. Qh4 Qb4 24. Qh3 Qb2 25. Ng5 Qxc2 26. Qh7+ Kf8 27. Qh6+ Kg8 28. Nh7 Nd5 29. Nf6+ 1-0

[Event "FRM-ch op"]
[Site "Struga"]
[Date "2012.08.04"]
[Round "1"]
[White "Ilic, Zoran"]
[Black "Tairi, Krenar"]
[Result "1-0"]
[WhiteElo "2264"]
[BlackElo "1823"]
[PlyCount "61"]
[EventDate "2012.08.04"]
[EventType "swiss"]
[EventRounds "9"]
[EventCountry "MKD"]
[SourceTitle "CBM 149 Extra"]
[Source "ChessBase"]
[SourceDate "2012.08.24"]
[SourceVersion "1"]
[SourceVersionDate "2012.08.24"]
[SourceQuality "1"]

1. Nf3 Nf6 2. d4 e6 3. g3 c5 4. Bg2 d5 5. 0-0 Nc6 6. c4 Be7 7. cxd5 exd5 8. Nc3 0-0 9. Bg5 cxd4 10. Nxd4 h6 11. Bf4 a6 12. Rc1 Re8 13. Na4 Bd7 14. a3 Rc8 15. Nb3 Na5 16. Rxc8 Bxc8 17. Nc3 Be6 18. Nd4 Bd6 19. Bc1 Bb8 20. Qd3 Qd7 21. Rd1 Rd8 22. Nxe6 fxe6 23. Bh3 Nb3 24. Be3 b5 25. Nxd5 Nxd5 26. Qxb3 Qe7 27. Qd3 Bc7 28. Bc5 Qf6 29. Qe4 Kf7 30. Rd3 Ke8 31. Bxe6 1-0

[Event "Balkaniad U16"]
[Site "Cetinje"]
[Date "2012.05.01"]
[Round "5.2"]
[White "Cabarkapa, Novak"]
[Black "Tairi, Krenar"]
[Result "1-0"]
[WhiteElo "2314"]
[BlackElo "1804"]
[PlyCount "45"]
[EventDate "2012.04.29"]
[EventType "team-tourn"]
[EventRounds "7"]
[EventCountry "MNE"]
[SourceTitle "EXT 2014"]
[Source "ChessBase"]
[SourceDate "2013.11.20"]
[SourceVersion "1"]
[SourceVersionDate "2013.11.20"]
[SourceQuality "1"]

1. e4 c5 2. Nf3 Nc6 3. Bb5 e6 4. 0-0 Nge7 5. Re1 Qc7 6. c3 a6 7. Bxc6 Nxc6 8. d4 cxd4 9. cxd4 Be7 10. d5 Ne5 11. Nxe5 Qxe5 12. Nc3 0-0 13. Be3 b5 14. Bd4 Qb8 15. e5 d6 16. Qg4 exd5 17. e6 g6 18. Nxd5 Qb7 19. Nb6 Rb8 20. Nxc8 Rbxc8 21. exf7+ Rxf7 22. Re6 Rcf8 23. Rxg6+ 1-0

[Event "Skopje Karposh op"]
[Site "Skopje"]
[Date "2012.04.13"]
[Round "8"]
[White "Tairi, Krenar"]
[Black "Bejatovic, Bojana"]
[Result "1/2-1/2"]
[WhiteElo "1804"]
[BlackElo "1944"]
[PlyCount "66"]
[EventDate "2012.04.07"]
[EventType "swiss"]
[EventRounds "9"]
[EventCountry "MKD"]
[SourceTitle "CBM 147 Extra"]
[Source "ChessBase"]
[SourceDate "2012.04.24"]
[SourceVersion "1"]
[SourceVersionDate "2012.04.24"]
[SourceQuality "1"]

1. d4 d6 2. c4 f5 3. Nc3 Nf6 4. Nf3 c6 5. Bf4 g6 6. e3 Bg7 7. Bd3 0-0 8. 0-0 Nh5 9. Re1 Nd7 10. Bf1 e5 11. dxe5 dxe5 12. Bg5 Qe8 13. Bh4 e4 14. Nd4 Ne5 15. Be2 Kh8 16. Rb1 Qf7 17. b3 Bd7 18. a3 Rae8 19. c5 Bc8 20. b4 a6 21. a4 Ng4 22. b5 axb5 23. axb5 Qc7 24. Bxg4 fxg4 25. bxc6 bxc6 26. Rb6 Bd7 27. Qb1 Be5 28. Rb7 Qa5 29. Rxd7 Qxc3 30. Rc1 Qd2 31. Rd1 Qc3 32. Rc1 Qd2 33. Rd1 Qc3 1/2-1/2

[Event "Skopje-ch op"]
[Site "Skopje"]
[Date "2011.12.07"]
[Round "5"]
[White "Tairi, Krenar"]
[Black "Stosevski, Ilja"]
[Result "0-1"]
[WhiteElo "1763"]
[BlackElo "2172"]
[PlyCount "108"]
[EventDate "2011.12.03"]
[EventType "swiss"]
[EventRounds "9"]
[EventCountry "MKD"]
[SourceTitle "CBM 145 Extra"]
[Source "ChessBase"]
[SourceDate "2012.01.03"]
[SourceVersion "1"]
[SourceVersionDate "2012.01.03"]
[SourceQuality "1"]

1. d4 g6 2. c4 Bg7 3. e4 Nc6 4. Be3 e5 5. Ne2 d6 6. f3 f5 7. d5 Nce7 8. Nbc3 Nf6 9. Qd2 fxe4 10. Nxe4 Nf5 11. Bg5 0-0 12. 0-0-0 Nxe4 13. fxe4 Qxg5 14. Qxg5 Bh6 15. Qxh6 Nxh6 16. h3 Rf2 17. Rd3 Bd7 18. Rf3 Rf8 19. Rxf2 Rxf2 20. Kd2 c5 21. Ke3 Rf6 22. Nc3 g5 23. g4 Kg7 24. Be2 Ng8 25. Rf1 Rf4 26. Bf3 h5 27. Ne2 hxg4 28. hxg4 Rf8 29. Ng3 Nf6 30. Nf5+ Bxf5 31. gxf5 Rg8 32. Rg1 Kf7 33. Rg3 g4 34. Be2 Rg5 35. a3 Kg7 36. Bd1 Kh6 37. Be2 Rg7 38. Bd1 Kg5 39. Rg1 Rh7 40. Rg3 Rh2 41. b3 Kh4 42. Rg1 Rh3+ 43. Kf2 Nxe4+ 44. Ke1 Nf6 45. Kf2 Kg5 46. Rf1 a5 47. a4 Rh2+ 48. Ke3 Rg2 49. Kd3 Rg3+ 50. Ke2 e4 51. Bc2 Rg2+ 52. Kd1 g3 53. Bb1 Kg4 54. Bc2 Rh2 0-1

[Event "Skopje-ch op"]
[Site "Skopje"]
[Date "2011.12.06"]
[Round "4"]
[White "Karatrajkov, Nikola"]
[Black "Tairi, Krenar"]
[Result "0-1"]
[WhiteElo "1763"]
[BlackElo "1763"]
[PlyCount "70"]
[EventDate "2011.12.03"]
[EventType "swiss"]
[EventRounds "9"]
[EventCountry "MKD"]
[SourceTitle "CBM 145 Extra"]
[Source "ChessBase"]
[SourceDate "2012.01.03"]
[SourceVersion "1"]
[SourceVersionDate "2012.01.03"]
[SourceQuality "1"]

1. e4 c5 2. Nf3 e6 3. d4 cxd4 4. Nxd4 a6 5. c4 Nf6 6. Nc3 Qc7 7. Bd3 Nc6 8. Nxc6 dxc6 9. 0-0 e5 10. h3 Bc5 11. Qf3 h6 12. Rb1 a5 13. Kh1 Qe7 14. Na4 Nd7 15. Nxc5 Nxc5 16. b3 Ne6 17. Qg3 f6 18. f4 exf4 19. Bxf4 Nxf4 20. Rxf4 0-0 21. Rbf1 Qe5 22. Qf3 Be6 23. g4 Rad8 24. h4 Qc3 25. Rd1 g5 26. hxg5 hxg5 27. e5 Rxd3 28. Rxd3 Qc1+ 29. Kg2 Qxf4 30. Qxf4 gxf4 31. Rd6 Bxg4 32. e6 Re8 33. Rd7 Rxe6 34. Rxb7 Re2+ 35. Kf1 f3 0-1

[Event "Skopje-ch op"]
[Site "Skopje"]
[Date "2011.12.05"]
[Round "3"]
[White "Jancev, Valentin"]
[Black "Tairi, Krenar"]
[Result "1/2-1/2"]
[WhiteElo "2103"]
[BlackElo "1763"]
[PlyCount "40"]
[EventDate "2011.12.03"]
[EventType "swiss"]
[EventRounds "9"]
[EventCountry "MKD"]
[SourceTitle "CBM 145 Extra"]
[Source "ChessBase"]
[SourceDate "2012.01.03"]
[SourceVersion "1"]
[SourceVersionDate "2012.01.03"]
[SourceQuality "1"]

1. d4 Nf6 2. Nf3 e6 3. c4 c5 4. e3 b6 5. Nc3 Bb7 6. d5 exd5 7. Nxd5 d6 8. b3 Be7 9. Bb2 Nbd7 10. Be2 a6 11. Nxe7 Qxe7 12. 0-0 0-0 13. Qc2 Ne5 14. Nxe5 dxe5 15. Qf5 Rfe8 16. Rad1 h6 17. Bf3 Bxf3 18. Qxf3 Rad8 19. Qf5 Rd6 20. f3 Nd7 1/2-1/2

[Event "Skopje-ch op"]
[Site "Skopje"]
[Date "2011.12.04"]
[Round "2"]
[White "Tairi, Krenar"]
[Black "Glavinac, Goran"]
[Result "0-1"]
[WhiteElo "1763"]
[BlackElo "2169"]
[PlyCount "102"]
[EventDate "2011.12.03"]
[EventType "swiss"]
[EventRounds "9"]
[EventCountry "MKD"]
[SourceTitle "CBM 145 Extra"]
[Source "ChessBase"]
[SourceDate "2012.01.03"]
[SourceVersion "1"]
[SourceVersionDate "2012.01.03"]
[SourceQuality "1"]

1. d4 Nf6 2. c4 e6 3. Nf3 b6 4. e3 Bb7 5. Bd3 Be7 6. Nbd2 d5 7. b3 0-0 8. 0-0 Nbd7 9. Bb2 c5 10. Qe2 cxd4 11. exd4 Rc8 12. Ne5 dxc4 13. Ndxc4 Nd5 14. f4 g6 15. Nxd7 Qxd7 16. Ne3 Nc3 17. Bxc3 Rxc3 18. Nc2 Bf6 19. Rad1 Rfc8 20. Kh1 Qc7 21. Rd2 a5 22. Na3 Rc1 23. Nb5 Rxf1+ 24. Qxf1 Qd7 25. Qd1 Bc6 26. a4 Bd5 27. Be2 Bc6 28. Bc4 Rd8 29. Rd3 Qb7 30. Rd2 Rd7 31. Na3 Qb8 32. Qf1 Rxd4 33. Rxd4 Bxd4 34. Bb5 Bd5 35. Bc4 Ba8 36. Nc2 Bc5 37. Ne1 Qd6 38. Nd3 Be3 39. Ne5 h5 40. Qd3 Qxd3 41. Nxd3 Kg7 42. h3 Kf6 43. Kh2 h4 44. g3 hxg3+ 45. Kxg3 Kf5 46. Bb5 Bd5 47. Be8 f6 48. Bb5 Bxb3 49. Kf3 Bd4 50. Nf2 Bd5+ 51. Kg3 Bxf2+ 0-1

[Event "Skopje op 19th"]
[Site "Skopje"]
[Date "2011.10.26"]
[Round "3"]
[White "Gjorgjevski, Janco"]
[Black "Tairi, Krenar"]
[Result "1/2-1/2"]
[WhiteElo "2002"]
[BlackElo "1764"]
[PlyCount "78"]
[EventDate "2011.10.24"]
[EventType "swiss"]
[EventRounds "9"]
[EventCountry "MKD"]
[SourceTitle "EXT 2012"]
[Source "ChessBase"]
[SourceDate "2011.11.24"]
[SourceVersion "1"]
[SourceVersionDate "2011.11.24"]
[SourceQuality "1"]

1. d4 Nf6 2. c4 e6 3. g3 c5 4. d5 exd5 5. cxd5 b5 6. Bg2 d6 7. Nh3 g6 8. 0-0 Bg7 9. e4 Nbd7 10. Re1 0-0 11. f3 Re8 12. Nf2 a5 13. a4 b4 14. Be3 Ba6 15. Nd2 Rc8 16. Rc1 Nb6 17. b3 Nfd7 18. Bh3 Rc7 19. Bf1 Qc8 20. Bxa6 Qxa6 21. Qe2 Qxe2 22. Rxe2 Rec8 23. Bf4 Ne5 24. Be3 Ned7 25. Bf4 Ne5 26. Bxe5 Bxe5 27. Nc4 Nxc4 28. Rxc4 Bd4 29. Kg2 Bxf2 30. Kxf2 f6 31. f4 Re7 32. Kf3 Kf7 33. h4 h6 34. Re1 Ree8 35. g4 Re7 36. Re2 Ree8 37. Rh2 Re7 38. Re2 Ree8 39. Rh2 Re7 1/2-1/2

[Event "Skopje op 19th"]
[Site "Skopje"]
[Date "2011.10.25"]
[Round "2"]
[White "Tairi, Krenar"]
[Black "Hadzi Manev, Ljubomir"]
[Result "1/2-1/2"]
[WhiteElo "1764"]
[BlackElo "2099"]
[PlyCount "57"]
[EventDate "2011.10.24"]
[EventType "swiss"]
[EventRounds "9"]
[EventCountry "MKD"]
[SourceTitle "EXT 2012"]
[Source "ChessBase"]
[SourceDate "2011.11.24"]
[SourceVersion "1"]
[SourceVersionDate "2011.11.24"]
[SourceQuality "1"]

1. d4 Nf6 2. c4 e6 3. Nf3 b6 4. e3 Bb7 5. Bd3 Bb4+ 6. Nbd2 0-0 7. 0-0 d5 8. a3 Bd6 9. b3 Nbd7 10. Bb2 Ne4 11. Qc2 f5 12. Ne5 Bxe5 13. dxe5 Ndc5 14. Nxe4 dxe4 15. Be2 Qg5 16. Bd4 Rad8 17. b4 Nd7 18. f4 exf3 19. Bxf3 Bxf3 20. Rxf3 c5 21. Bb2 Qe7 22. b5 Nb8 23. e4 fxe4 24. Qxe4 Rxf3 25. Qxf3 Rf8 26. Qe2 Qf7 27. Rf1 Qxf1+ 28. Qxf1 Rxf1+ 29. Kxf1 1/2-1/2